Score 0/20 Timer 05:00
3 Plays Today
Hiragana Character % Correct
みどりやいずくMidoriya Izuku
70.9%
とこやみふみかげTokoyami Fumikage
70.9%
いいだてんやIida Ten'ya
64.3%
せろはんたSero Hanta
60.3%
あすいつゆAsui Tsuyu
60%
あしどみなAshido Mina
58.9%
うららかおちゃこUraraka Ochako
58.9%
かみなりでんきKaminari Denki
58%
じろうきょうかJirou Kyouka
57.3%
あおやまゆうがAoyama Yuuga
56.9%
Hiragana Character % Correct
きりしまえいじろうKirishima Eijirou
56.7%
みねたみのるMineta Minoru
56%
ばくごうかつきBakugou Katsuki
55.5%
やおよろずももYaoyorozu Momo
54.6%
こうだこうじKouda Kouji
54.6%
しょうじめぞうShouji Mezou
54.4%
さとうりきどうSatou Rikidou
53.3%
はがくれとおるHagakure Tōru
53%
おじろましらおOjiro Mashirao
53%
とどろきしょうとTodoroki Shouto
50.6%
Remove Ads.
Support Sporcle.
Get the best of Sporcle when you Go Orange. This ad-free experience offers more features, more stats, and more fun while also helping to support Sporcle. Thank you for becoming a member.

You're not logged in!

Compare scores with friends on all Sporcle quizzes.
OR
Log In

Show Comments

Extras

Top Quizzes Today


Score Distribution

Your Account Isn't Verified!

In order to create a playlist on Sporcle, you need to verify the email address you used during registration. Go to your Sporcle Settings to finish the process.

Report this User

Report this user for behavior that violates our Community Guidelines.

Details: